| 000 | 00866nam a22002771 4500 | ||
|---|---|---|---|
| 001 | 76113 | ||
| 003 | BD-RjUL | ||
| 005 | 20211209082808.0 | ||
| 008 | 190428s1968 enka b 000 0 eng | ||
| 035 | _a(BD-RjUL)76334 | ||
| 040 |
_aDLC _cDLC _dDLC _dBD-RjUL _beng |
||
| 041 | _aeng | ||
| 082 | 0 | 0 |
_223 _a658.4032 _bCRI 1968 |
| 100 | 1 |
_aThornley, Gail, _ecomp. _9234135 |
|
| 245 | 1 | 0 |
_aCritical path analysis in practice : _bcollected papers on project control / _cedited by Gail Thornley. |
| 260 |
_aLondon, _aNew York [etc.] _bTavistock, _c1968. |
||
| 300 |
_aiii-xii, 152 p.: _billus.; _c25 cm. |
||
| 350 | _a42/6 | ||
| 500 | _a"Distributed in the U.S.A. by Barnes & Noble." | ||
| 504 | _aBibliography: p. 140-142. | ||
| 650 | 0 |
_aCritical path analysis. _9234136 |
|
| 942 |
_2ddc _cBK |
||
| 999 |
_c76113 _d76113 |
||